000 00340nam a22001337a 4500
008 250506b |||||||| |||| 00| 0 eng d
020 _a0847800873
050 _aNA 680
_bJ46
100 _aCharles A. Jencks.
245 _aThe language of post-modern architecture
260 _aNew York
_b Rizzoli,
_c1977
300 _a104 p.
942 _cBK
999 _c3334
_d3334